VIVA IN DENTAL MATERIALS (Record no. 2528)

MARC details
000 -LEADER
fixed length control field 00341nam a2200145Ia 4500
008 - FIXED-LENGTH DATA ELEMENTS--GENERAL INFORMATION
fixed length control field 150201s1996 xx 000 0 und d
082 ## - DEWEY DECIMAL CLASSIFICATION NUMBER
Classification number 617.6
Item number V1996N
100 ## - MAIN ENTRY--PERSONAL NAME
Personal name NICK NEJED
245 ## - TITLE STATEMENT
Title VIVA IN DENTAL MATERIALS
250 ## - EDITION STATEMENT
Edition statement 2ND
260 ## - PUBLICATION, DISTRIBUTION, ETC. (IMPRINT)
Name of publisher, distributor, etc. AIPD
Place of publication, distribution, etc. MADRAS
Date of publication, distribution, etc. 1996
300 ## - PHYSICAL DESCRIPTION
Extent Jan-83
650 ## - SUBJECT ADDED ENTRY--TOPICAL TERM
Topical term or geographic name as entry element DENTAL MATERIAL
942 ## - ADDED ENTRY ELEMENTS (KOHA)
Source of classification or shelving scheme Dewey Decimal Classification
Koha item type Books
Koha issues (borrowed), all copies 1
Holdings
Withdrawn status Lost status Source of classification or shelving scheme Damaged status Not for loan Home library Current library Date acquired Source of acquisition Cost, normal purchase price Serial Enumeration / chronology SGTU Bill Number Total Checkouts Full call number Barcode Date last seen Bill Date Koha item type Date last checked out
    Dewey Decimal Classification     SGT Dental Library SGT Dental Library 10/04/2002 U.B.S.DELHI 50.00 1 SGTU 45   617.6 V1996N FD405 09/02/2015 25/01/2012 Books  
    Dewey Decimal Classification     SGT Dental Library SGT Dental Library 10/04/2002 U.B.S.DELHI 50.00 1 SGTU 45   617.6 V1996N FD406 09/02/2015 25/01/2012 Books  
    Dewey Decimal Classification     SGT Dental Library SGT Dental Library 10/04/2002 U.B.S.DELHI 50.00 1 SGTU 45   617.6 V1996N FD407 29/11/2016 25/01/2012 Books  
    Dewey Decimal Classification     SGT Dental Library SGT Dental Library 10/04/2002 U.B.S.DELHI 50.00 1 SGTU 45 1 617.6 V1996N FD408 02/12/2024 25/01/2012 Books 26/11/2024
    Dewey Decimal Classification     SGT Dental Library SGT Dental Library 10/04/2002 U.B.S.DELHI 50.00 1 SGTU 45   617.6 V1996N FD409 09/02/2015 25/01/2012 Books  
    Dewey Decimal Classification     SGT FA-FP Library SGT FA-FP Library 03/04/2026       SGTU     617.6 V1996N   03/04/2026 03/04/2026 Books